| 000 | 00406nam a2200181Ia 4500 | ||
|---|---|---|---|
| 008 | 171120s9999 xx 000 0 und d | ||
| 020 | _a633012009 | ||
| 050 | _a225 | ||
| 050 | _bJ867 2000 | ||
| 245 | 2 | _aA journey in faith / | |
| 260 | _bLife Way Press, | ||
| 260 | _c2000 | ||
| 300 | _a256 pages : | ||
| 300 | _billustrations ; | ||
| 300 | _c18cm. | ||
| 650 | _aBible. N. T. | ||
| 700 | _aTitle. | ||
| 999 |
_c345439 _d345439 |
||